<?xml version="1.0" encoding="UTF-8"?>
<collection xmlns="http://www.loc.gov/MARC21/slim">
 <record>
  <leader>03392aam a22003498a 4500</leader>
  <controlfield tag="001">NCT_10068</controlfield>
  <controlfield tag="008">110608s2011                  ||||||viesd</controlfield>
  <datafield tag="999" ind1=" " ind2=" ">
   <subfield code="c">491</subfield>
   <subfield code="d">491</subfield>
  </datafield>
  <datafield tag="020" ind1=" " ind2=" ">
   <subfield code="c">34000</subfield>
  </datafield>
  <datafield tag="082" ind1="0" ind2="4">
   <subfield code="2">23rd ed.</subfield>
   <subfield code="a">615.1</subfield>
   <subfield code="b">Ch205</subfield>
  </datafield>
  <datafield tag="100" ind1="1" ind2=" ">
   <subfield code="a">Nguyễn Phương Dung</subfield>
  </datafield>
  <datafield tag="245" ind1="1" ind2="0">
   <subfield code="a">Chế biến dược liệu :</subfield>
   <subfield code="b">Sách đào tạo bác sỹ y học cổ truyền</subfield>
   <subfield code="c">Nguyễn Phương Dung</subfield>
  </datafield>
  <datafield tag="260" ind1=" " ind2=" ">
   <subfield code="a">H.</subfield>
   <subfield code="b">Y học</subfield>
   <subfield code="c">2011</subfield>
  </datafield>
  <datafield tag="300" ind1=" " ind2=" ">
   <subfield code="a">142tr.</subfield>
   <subfield code="b">bảng</subfield>
   <subfield code="c">27cm</subfield>
  </datafield>
  <datafield tag="500" ind1=" " ind2=" ">
   <subfield code="a">ĐTTS ghi: Bộ Y tế</subfield>
  </datafield>
  <datafield tag="520" ind1="3" ind2=" ">
   <subfield code="a">Trình bày khái quát mục đích chế biến dược liệu và tiêu chuẩn cần thiết của dược liệu sau khi chế biến. Nguyên tắc cơ bản trong chế biến và bảo quản dược liệu, thuốc phiến và chế phẩm đông dược. Giới thiệu kỹ thuật bào chế thuốc thang, một số dạng chế phẩm đông dược phân chia theo thể chất và cách sử dụng: dạng thuốc rắn, thuốc lỏng, thuốc dùng ngoài</subfield>
  </datafield>
  <datafield tag="942" ind1=" " ind2=" ">
   <subfield code="2">ddc</subfield>
   <subfield code="c">BK</subfield>
  </datafield>
  <datafield tag="952" ind1=" " ind2=" ">
   <subfield code="0">0</subfield>
   <subfield code="1">0</subfield>
   <subfield code="2">ddc</subfield>
   <subfield code="4">0</subfield>
   <subfield code="6">615_100000000000000_CH205</subfield>
   <subfield code="7">0</subfield>
   <subfield code="9">3669</subfield>
   <subfield code="a">000001</subfield>
   <subfield code="b">000001</subfield>
   <subfield code="d">2017-11-14</subfield>
   <subfield code="o">615.1 Ch205</subfield>
   <subfield code="p">MD.05832</subfield>
   <subfield code="r">2017-11-14</subfield>
   <subfield code="v">34000.00</subfield>
   <subfield code="w">2017-11-14</subfield>
   <subfield code="y">BK</subfield>
  </datafield>
  <datafield tag="952" ind1=" " ind2=" ">
   <subfield code="0">0</subfield>
   <subfield code="1">0</subfield>
   <subfield code="2">ddc</subfield>
   <subfield code="4">0</subfield>
   <subfield code="6">615_100000000000000_CH205</subfield>
   <subfield code="7">0</subfield>
   <subfield code="9">3670</subfield>
   <subfield code="a">000001</subfield>
   <subfield code="b">000001</subfield>
   <subfield code="d">2017-11-14</subfield>
   <subfield code="o">615.1 Ch205</subfield>
   <subfield code="p">MD.05833</subfield>
   <subfield code="r">2017-11-14</subfield>
   <subfield code="v">34000.00</subfield>
   <subfield code="w">2017-11-14</subfield>
   <subfield code="y">BK</subfield>
  </datafield>
  <datafield tag="952" ind1=" " ind2=" ">
   <subfield code="0">0</subfield>
   <subfield code="1">0</subfield>
   <subfield code="2">ddc</subfield>
   <subfield code="4">0</subfield>
   <subfield code="6">615_100000000000000_CH205</subfield>
   <subfield code="7">0</subfield>
   <subfield code="9">3671</subfield>
   <subfield code="a">000001</subfield>
   <subfield code="b">000001</subfield>
   <subfield code="d">2017-11-14</subfield>
   <subfield code="o">615.1 Ch205</subfield>
   <subfield code="p">MD.05834</subfield>
   <subfield code="r">2017-11-14</subfield>
   <subfield code="v">34000.00</subfield>
   <subfield code="w">2017-11-14</subfield>
   <subfield code="y">BK</subfield>
  </datafield>
  <datafield tag="952" ind1=" " ind2=" ">
   <subfield code="0">0</subfield>
   <subfield code="1">0</subfield>
   <subfield code="2">ddc</subfield>
   <subfield code="4">0</subfield>
   <subfield code="6">615_100000000000000_CH205</subfield>
   <subfield code="7">0</subfield>
   <subfield code="9">3672</subfield>
   <subfield code="a">000001</subfield>
   <subfield code="b">000001</subfield>
   <subfield code="d">2017-11-14</subfield>
   <subfield code="l">1</subfield>
   <subfield code="o">615.1 Ch205</subfield>
   <subfield code="p">MD.05835</subfield>
   <subfield code="r">2020-09-29</subfield>
   <subfield code="s">2020-09-14</subfield>
   <subfield code="v">34000.00</subfield>
   <subfield code="w">2017-11-14</subfield>
   <subfield code="y">BK</subfield>
  </datafield>
  <datafield tag="952" ind1=" " ind2=" ">
   <subfield code="0">0</subfield>
   <subfield code="1">0</subfield>
   <subfield code="2">ddc</subfield>
   <subfield code="4">0</subfield>
   <subfield code="6">615_100000000000000_CH205</subfield>
   <subfield code="7">0</subfield>
   <subfield code="9">3673</subfield>
   <subfield code="a">000001</subfield>
   <subfield code="b">000001</subfield>
   <subfield code="d">2017-11-14</subfield>
   <subfield code="o">615.1 Ch205</subfield>
   <subfield code="p">MD.05836</subfield>
   <subfield code="r">2017-11-14</subfield>
   <subfield code="v">34000.00</subfield>
   <subfield code="w">2017-11-14</subfield>
   <subfield code="y">BK</subfield>
  </datafield>
  <datafield tag="952" ind1=" " ind2=" ">
   <subfield code="0">0</subfield>
   <subfield code="1">0</subfield>
   <subfield code="2">ddc</subfield>
   <subfield code="4">0</subfield>
   <subfield code="6">615_100000000000000_CH205</subfield>
   <subfield code="7">0</subfield>
   <subfield code="9">3674</subfield>
   <subfield code="a">000001</subfield>
   <subfield code="b">000001</subfield>
   <subfield code="d">2017-11-14</subfield>
   <subfield code="o">615.1 Ch205</subfield>
   <subfield code="p">MD.05837</subfield>
   <subfield code="r">2017-11-14</subfield>
   <subfield code="v">34000.00</subfield>
   <subfield code="w">2017-11-14</subfield>
   <subfield code="y">BK</subfield>
  </datafield>
  <datafield tag="952" ind1=" " ind2=" ">
   <subfield code="0">0</subfield>
   <subfield code="1">0</subfield>
   <subfield code="2">ddc</subfield>
   <subfield code="4">0</subfield>
   <subfield code="6">615_100000000000000_CH205</subfield>
   <subfield code="7">0</subfield>
   <subfield code="9">3675</subfield>
   <subfield code="a">000001</subfield>
   <subfield code="b">000001</subfield>
   <subfield code="d">2017-11-14</subfield>
   <subfield code="o">615.1 Ch205</subfield>
   <subfield code="p">MD.05838</subfield>
   <subfield code="r">2017-11-14</subfield>
   <subfield code="v">34000.00</subfield>
   <subfield code="w">2017-11-14</subfield>
   <subfield code="y">BK</subfield>
  </datafield>
  <datafield tag="952" ind1=" " ind2=" ">
   <subfield code="0">0</subfield>
   <subfield code="1">0</subfield>
   <subfield code="2">ddc</subfield>
   <subfield code="4">0</subfield>
   <subfield code="6">615_100000000000000_CH205</subfield>
   <subfield code="7">0</subfield>
   <subfield code="9">3676</subfield>
   <subfield code="a">000001</subfield>
   <subfield code="b">000001</subfield>
   <subfield code="d">2017-11-14</subfield>
   <subfield code="o">615.1 Ch205</subfield>
   <subfield code="p">MD.05839</subfield>
   <subfield code="r">2017-11-14</subfield>
   <subfield code="v">34000.00</subfield>
   <subfield code="w">2017-11-14</subfield>
   <subfield code="y">BK</subfield>
  </datafield>
  <datafield tag="952" ind1=" " ind2=" ">
   <subfield code="0">0</subfield>
   <subfield code="1">0</subfield>
   <subfield code="2">ddc</subfield>
   <subfield code="4">0</subfield>
   <subfield code="6">615_100000000000000_CH205</subfield>
   <subfield code="7">0</subfield>
   <subfield code="9">3677</subfield>
   <subfield code="a">000001</subfield>
   <subfield code="b">000001</subfield>
   <subfield code="d">2017-11-14</subfield>
   <subfield code="l">1</subfield>
   <subfield code="o">615.1 Ch205</subfield>
   <subfield code="p">MD.05840</subfield>
   <subfield code="r">2019-03-22</subfield>
   <subfield code="s">2019-03-07</subfield>
   <subfield code="v">34000.00</subfield>
   <subfield code="w">2017-11-14</subfield>
   <subfield code="y">BK</subfield>
  </datafield>
  <datafield tag="952" ind1=" " ind2=" ">
   <subfield code="0">0</subfield>
   <subfield code="1">0</subfield>
   <subfield code="2">ddc</subfield>
   <subfield code="4">0</subfield>
   <subfield code="6">615_100000000000000_CH205</subfield>
   <subfield code="7">0</subfield>
   <subfield code="9">7055</subfield>
   <subfield code="a">000001</subfield>
   <subfield code="b">000001</subfield>
   <subfield code="d">2018-04-16</subfield>
   <subfield code="o">615.1 Ch205</subfield>
   <subfield code="p">MD.11821</subfield>
   <subfield code="r">2018-04-16</subfield>
   <subfield code="v">34000.00</subfield>
   <subfield code="w">2018-04-16</subfield>
   <subfield code="y">BK</subfield>
  </datafield>
  <datafield tag="952" ind1=" " ind2=" ">
   <subfield code="0">0</subfield>
   <subfield code="1">0</subfield>
   <subfield code="2">ddc</subfield>
   <subfield code="4">0</subfield>
   <subfield code="6">615_100000000000000_CH205</subfield>
   <subfield code="7">0</subfield>
   <subfield code="9">7056</subfield>
   <subfield code="a">000001</subfield>
   <subfield code="b">000001</subfield>
   <subfield code="d">2018-04-16</subfield>
   <subfield code="l">1</subfield>
   <subfield code="o">615.1 Ch205</subfield>
   <subfield code="p">MD.11822</subfield>
   <subfield code="r">2020-07-09</subfield>
   <subfield code="s">2020-06-19</subfield>
   <subfield code="v">34000.00</subfield>
   <subfield code="w">2018-04-16</subfield>
   <subfield code="y">BK</subfield>
  </datafield>
  <datafield tag="952" ind1=" " ind2=" ">
   <subfield code="0">0</subfield>
   <subfield code="1">0</subfield>
   <subfield code="2">ddc</subfield>
   <subfield code="4">0</subfield>
   <subfield code="6">615_100000000000000_CH205</subfield>
   <subfield code="7">0</subfield>
   <subfield code="9">7057</subfield>
   <subfield code="a">000001</subfield>
   <subfield code="b">000001</subfield>
   <subfield code="d">2018-04-16</subfield>
   <subfield code="l">2</subfield>
   <subfield code="o">615.1 Ch205</subfield>
   <subfield code="p">MD.11823</subfield>
   <subfield code="r">2020-10-28</subfield>
   <subfield code="s">2020-10-13</subfield>
   <subfield code="v">34000.00</subfield>
   <subfield code="w">2018-04-16</subfield>
   <subfield code="y">BK</subfield>
  </datafield>
  <datafield tag="952" ind1=" " ind2=" ">
   <subfield code="0">0</subfield>
   <subfield code="1">0</subfield>
   <subfield code="2">ddc</subfield>
   <subfield code="4">0</subfield>
   <subfield code="6">615_100000000000000_CH205</subfield>
   <subfield code="7">0</subfield>
   <subfield code="9">7058</subfield>
   <subfield code="a">000001</subfield>
   <subfield code="b">000001</subfield>
   <subfield code="d">2018-04-16</subfield>
   <subfield code="o">615.1 Ch205</subfield>
   <subfield code="p">MD.11824</subfield>
   <subfield code="r">2018-04-16</subfield>
   <subfield code="v">34000.00</subfield>
   <subfield code="w">2018-04-16</subfield>
   <subfield code="y">BK</subfield>
  </datafield>
  <datafield tag="952" ind1=" " ind2=" ">
   <subfield code="0">0</subfield>
   <subfield code="1">0</subfield>
   <subfield code="2">ddc</subfield>
   <subfield code="4">0</subfield>
   <subfield code="6">615_100000000000000_CH205</subfield>
   <subfield code="7">0</subfield>
   <subfield code="9">7059</subfield>
   <subfield code="a">000001</subfield>
   <subfield code="b">000001</subfield>
   <subfield code="d">2018-04-16</subfield>
   <subfield code="o">615.1 Ch205</subfield>
   <subfield code="p">MD.11825</subfield>
   <subfield code="r">2018-04-16</subfield>
   <subfield code="v">34000.00</subfield>
   <subfield code="w">2018-04-16</subfield>
   <subfield code="y">BK</subfield>
  </datafield>
  <datafield tag="980" ind1=" " ind2=" ">
   <subfield code="a">Thư viện Trường Đại học Nam Cần Thơ</subfield>
  </datafield>
 </record>
</collection>
